[Event "4NCL/Div1/BAR2 vs. BAR1"]
[Site "Birmingham ENG"]
[Date "2005.10.22"]
[Round "1.4"]
[White "Webster, Andrew"]
[Black "Berry, Neil"]
[Result "1/2-1/2"]
[WhiteElo "2411"]
[BlackElo "2289"]
[PlyCount "96"]
[EventDate "2005.10.22"]
[SourceDate "2005.10.25"]

1. Nf3 d5 2. c4 c6 3. b3 dxc4 4. bxc4 e5 5. Nc3 Nd7 6. d3 Ngf6 7. g3 Bd6 8. Bg2
O-O 9. O-O Re8 10. Rb1 Nc5 11. Bg5 h6 12. Bxf6 Qxf6 13. Nd2 Bf5 14. Nde4 Qe7
15. Nxc5 Bxc5 16. Na4 Rab8 17. Qc2 Bd4 18. e3 Bc5 19. Rb3 Rbd8 20. Rfb1 Qd6 21.
Qc3 b6 22. Bf1 Re7 23. a3 Red7 24. Rd1 Qe7 25. Nxc5 Qxc5 26. Qb4 Qd6 27. Qxd6
Rxd6 28. f3 Be6 29. Rc3 c5 30. a4 f5 31. Rb1 e4 32. dxe4 fxe4 33. fxe4 Rd1 34.
Rcc1 Rxc1 35. Rxc1 Rd2 36. a5 Kf7 37. e5 Bf5 38. axb6 axb6 39. Ra1 Ke6 40. Ra7
g5 41. Rc7 Kxe5 42. Rc6 Rd6 43. Rxd6 Kxd6 44. Kf2 Ke5 45. Ke2 Be4 46. Kd2 Bf3
47. Bd3 Bc6 48. Bf1 Bf3 1/2-1/2

[Event "4NCL/Div1/BAR2 vs. BAR1"]
[Site "Birmingham ENG"]
[Date "2005.10.22"]
[Round "1.5"]
[White "Taylor, Martin R"]
[Black "Ferguson, Mark"]
[Result "1-0"]
[WhiteElo "2311"]
[BlackElo "2392"]
[PlyCount "63"]
[EventDate "2005.10.22"]
[SourceDate "2005.10.25"]

1. d4 d5 2. Nf3 c6 3. c4 Nf6 4. Nc3 dxc4 5. a4 Bf5 6. Nh4 Bc8 7. Nf3 Bf5 8. Nh4
Bc8 9. e3 e5 10. Bxc4 exd4 11. exd4 Be7 12. O-O O-O 13. Re1 Na6 14. Nf3 Nc7 15.
Qb3 Nfd5 16. Bxd5 Nxd5 17. Nxd5 cxd5 18. Bf4 b6 19. Ne5 Bf6 20. a5 Be6 21. Nc6
Qd7 22. axb6 Qxc6 23. b7 Rab8 24. Rxa7 Bxd4 25. Bxb8 Rxb8 26. Ra8 Be5 27. Qa4
Qxa4 28. Rxa4 Bd6 29. Ra8 Rf8 30. Rc1 Rb8 31. Rxb8+ Bxb8 32. Ra1 1-0

[Event "4NCL/Div1/BAR2 vs. BAR1"]
[Site "Birmingham ENG"]
[Date "2005.10.22"]
[Round "1.6"]
[White "Collinson, Adam"]
[Black "Coleman, David"]
[Result "1/2-1/2"]
[WhiteElo "2385"]
[BlackElo "2245"]
[PlyCount "41"]
[EventDate "2005.10.22"]
[SourceDate "2005.10.25"]

1. e4 c5 2. Nf3 d6 3. c3 Nf6 4. Bd3 Nc6 5. Bc2 Bg4 6. d3 e5 7. Nbd2 g6 8. h3
Bxf3 9. Nxf3 Bg7 10. O-O O-O 11. a3 d5 12. b4 Qe7 13. Bd2 Rad8 14. Qb1 b6 15.
Ba4 dxe4 16. dxe4 Rc8 17. Re1 c4 18. Be3 Nd8 19. Rd1 Nb7 20. Bc2 Nd6 21. a4
1/2-1/2

[Event "4NCL/Div1/BAR2 vs. BAR1"]
[Site "Birmingham ENG"]
[Date "2005.10.22"]
[Round "1.7"]
[White "Taylor, Peter"]
[Black "Knott, Simon"]
[Result "0-1"]
[WhiteElo "2241"]
[BlackElo "2378"]
[PlyCount "166"]
[EventDate "2005.10.22"]
[SourceDate "2005.10.25"]

1. Nf3 Nf6 2. c4 g6 3. Nc3 d5 4. d4 Bg7 5. Bg5 dxc4 6. e4 c5 7. d5 b5 8. e5 b4
9. exf6 exf6 10. Qe2+ Kf8 11. Be3 bxc3 12. bxc3 Ba6 13. Bxc5+ Kg8 14. Qd2 Nd7
15. Be3 f5 16. Be2 Nf6 17. Bd4 Qxd5 18. O-O Ne4 19. Qc2 Bxd4 20. Nxd4 Kg7 21.
Qa4 Nxc3 22. Qxa6 Qxd4 23. Qxc4 Nxe2+ 24. Qxe2 Rhe8 25. Qf3 Rad8 26. Rad1 Qc4
27. h3 Rxd1 28. Rxd1 Re2 29. Qb3 Qc5 30. Rf1 h5 31. a4 Qd4 32. Qa3 Kg8 33. a5
Rd2 34. a6 Qb6 35. Qa4 Re2 36. Qa3 Qe6 37. Qd3 Ra2 38. Rb1 Qe5 39. Qd8+ Kg7 40.
Qd3 Qc5 41. Qf1 Qa5 42. h4 Qxa6 43. Qxa6 Rxa6 44. Rb7 Ra4 45. g3 f4 46. Kg2
fxg3 47. fxg3 Ra3 48. Kf2 Kf6 49. Kg2 Ke6 50. Rc7 f6 51. Rc6+ Ke5 52. Rc5+ Kd6
53. Rc8 Ke5 54. Rc5+ Ke4 55. Rc4+ Kd5 56. Rc7 f5 57. Rg7 Ra6 58. Re7 Kd6 59.
Rg7 Ke5 60. Re7+ Kf6 61. Rc7 g5 62. hxg5+ Kxg5 63. Rg7+ Kf6 64. Rh7 Kg6 65. Rc7
Ra3 66. Rc6+ Kg5 67. Rc8 a5 68. Rg8+ Kf6 69. Rh8 Rb3 70. Rxh5 a4 71. Rh4 a3 72.
Ra4 Ke5 73. Kh3 Rc3 74. Kh4 Rf3 75. Ra5+ Kd4 76. g4 fxg4 77. Kxg4 Rb3 78. Rf5
a2 79. Ra5 Rb2 80. Ra3 Kc4 81. Kf4 Kb4 82. Ra8 Kb3 83. Ke3 Kc2 0-1

[Event "4NCL/Div1/BAR2 vs. BAR1"]
[Site "Birmingham ENG"]
[Date "2005.10.22"]
[Round "1.8"]
[White "Bhatia, Kanwal K"]
[Black "Smith, Lucy"]
[Result "1-0"]
[WhiteElo "2091"]
[BlackElo "1900"]
[PlyCount "49"]
[EventDate "2005.10.22"]
[SourceDate "2005.10.25"]

1. e4 c5 2. c3 d6 3. d4 cxd4 4. cxd4 e6 5. Nf3 Be7 6. Bd3 h6 7. Nc3 Nf6 8. O-O
a6 9. Qe2 Nc6 10. a3 Qc7 11. Re1 Nh7 12. Be3 Bd7 13. Rac1 Qd8 14. Bb1 Ng5 15.
Nd2 Na7 16. f4 Nh7 17. d5 O-O 18. e5 Nb5 19. dxe6 Nxc3 20. Rxc3 Bxe6 21. f5 Bc8
22. f6 gxf6 23. Bxh6 dxe5 24. Bxh7+ Kxh7 25. Qh5 1-0

[Event "4NCL/Div1/3CS1 vs. HKF1"]
[Site "Birmingham ENG"]
[Date "2005.10.22"]
[Round "1.1"]
[White "Davies, Nigel R"]
[Black "Williams, Simon K"]
[Result "1/2-1/2"]
[WhiteElo "2521"]
[BlackElo "2452"]
[PlyCount "44"]
[EventDate "2005.10.22"]
[SourceDate "2005.10.25"]

1. e4 g6 2. d4 Bg7 3. c3 d6 4. Bg5 Nf6 5. Nd2 O-O 6. f4 d5 7. e5 Ng4 8. Qe2 f6
9. Bh4 fxe5 10. fxe5 Bh6 11. Ngf3 Ne3 12. Rc1 Bg4 13. Qb5 Nc6 14. Bg5 Bxg5 15.
Nxg5 e6 16. Ngf3 Bxf3 17. Nxf3 Rxf3 18. gxf3 Qh4+ 19. Ke2 Nc4 20. Kd1 Ne3+ 21.
Ke2 Nc4 22. Kd1 Ne3+ 1/2-1/2

[Event "4NCL/Div1/3CS1 vs. HKF1"]
[Site "Birmingham ENG"]
[Date "2005.10.22"]
[Round "1.2"]
[White "Arkell, Keith C"]
[Black "Haslinger, Stewart"]
[Result "1-0"]
[WhiteElo "2475"]
[BlackElo "2426"]
[PlyCount "85"]
[EventDate "2005.10.22"]
[SourceDate "2005.10.25"]

1. Nf3 d5 2. d4 Nf6 3. c4 c6 4. Nc3 a6 5. e3 e6 6. Qc2 c5 7. cxd5 exd5 8. Be2
Nc6 9. O-O Be6 10. Rd1 Nb4 11. Qb1 Qc8 12. e4 Nxe4 13. Nxe4 Bf5 14. Nfg5 h6 15.
Re1 hxg5 16. Bg4 dxe4 17. Bxf5 Qxf5 18. Rxe4+ Kd8 19. Re8+ Kc7 20. Qxf5 Rxe8
21. Bxg5 f6 22. Bf4+ Kc6 23. dxc5 Bxc5 24. Rc1 b6 25. a3 Nd5 26. b4 Nc3 27.
bxc5 Ne2+ 28. Kf1 Nxc1 29. Bxc1 bxc5 30. Be3 Re5 31. Qd3 Ra8 32. g3 a5 33. a4
Rb8 34. Qa6+ Rb6 35. Qxa5 Rd5 36. Qa8+ Kd6 37. Bf4+ Ke6 38. Qc8+ Rd7 39. Qxc5
Rb1+ 40. Kg2 Rbb7 41. a5 Ra7 42. Qc6+ Kf7 43. Be3 1-0

[Event "4NCL/Div1/3CS1 vs. HKF1"]
[Site "Birmingham ENG"]
[Date "2005.10.22"]
[Round "1.3"]
[White "Gordon, Stephen J"]
[Black "Greet, Andrew N"]
[Result "0-1"]
[WhiteElo "2411"]
[BlackElo "2428"]
[PlyCount "114"]
[EventDate "2005.10.22"]
[SourceDate "2005.10.25"]

1. d4 Nf6 2. c4 e6 3. Nf3 b6 4. Nc3 Bb4 5. Bg5 Bb7 6. e3 h6 7. Bh4 g5 8. Bg3
Ne4 9. Qc2 Bxc3+ 10. bxc3 d6 11. Bd3 f5 12. d5 Nd7 13. Bxe4 fxe4 14. Qxe4 Qf6
15. O-O O-O-O 16. Qxe6 Qxe6 17. dxe6 Nc5 18. Nd4 Be4 19. Rfd1 Rde8 20. Rd2 Bd3
21. Nb3 Bxc4 22. Nxc5 bxc5 23. Rb1 {(=)} Rxe6 24. Rdb2 Kd7 25. Rb7 Ra8 26. R7b2
Re4 27. Rd1 Kc6 28. Re1 Rae8 29. Rc1 Bf7 30. Kf1 Ra4 31. Rcc2 Bg6 32. Rc1 Ra6
33. Ke2 Rb6 34. Rd2 c4 35. f3 Bd3+ 36. Kf2 a5 37. e4 a4 38. Ke3 a3 39. h4 Rb2
40. Rcd1 Reb8 41. Bf2 Bc2 42. Ra1 Bb1 43. Rxb2 Rxb2 44. hxg5 hxg5 45. Be1 Bd3
46. Bd2 Kd7 47. g3 Ke6 48. f4 gxf4+ 49. gxf4 Bxe4 50. Bc1 Bd3 51. Bxb2 axb2 52.
Re1 b1=Q 53. Rxb1 Bxb1 54. a4 c5 55. a5 Kf5 56. a6 Be4 57. a7 Bc6 0-1

[Event "4NCL/Div1/3CS1 vs. HKF1"]
[Site "Birmingham ENG"]
[Date "2005.10.22"]
[Round "1.4"]
[White "Trent, Lawrence"]
[Black "Ashton, Adam G"]
[Result "0-1"]
[WhiteElo "2423"]
[BlackElo "2331"]
[PlyCount "86"]
[EventDate "2005.10.22"]
[SourceDate "2005.10.25"]

1. e4 e5 2. Nc3 Nf6 3. Bc4 Nc6 4. d3 Na5 5. Nge2 c6 6. a4 Nxc4 7. dxc4 Bc5 8.
O-O d6 9. Qd3 Be6 10. b3 a5 11. h3 Qb6 12. Kh1 O-O-O 13. f4 exf4 14. Bxf4 Nh5
15. Bh2 g5 16. Rad1 Rhg8 17. Nd4 Bxd4 18. Qxd4 Qxd4 19. Rxd4 g4 20. hxg4 Rxg4
21. Rxd6 Rdg8 22. Rf2 Ng3+ 23. Bxg3 Rxg3 24. Rd3 R3g5 25. Nb1 h5 26. Nd2 h4 27.
Nf3 Rg4 28. Re2 Rf4 29. Rde3 Bg4 30. Rf2 h3 31. g3 Rf6 32. Kg1 Rd8 33. c3 Rd1+
34. Ne1 Rxf2 35. Kxf2 Rd2+ 36. Kg1 Rb2 37. b4 axb4 38. cxb4 Rxb4 39. c5 Rxa4
40. Nd3 Ra1+ 41. Re1 Ra3 42. Ne5 Rxg3+ 43. Kh1 Be6 0-1

[Event "4NCL/Div1/3CS1 vs. HKF1"]
[Site "Birmingham ENG"]
[Date "2005.10.22"]
[Round "1.5"]
[White "Longson, Alexander"]
[Black "Berzinsh, Roland"]
[Result "1-0"]
[WhiteElo "2264"]
[BlackElo "2447"]
[PlyCount "93"]
[EventDate "2005.10.22"]
[SourceDate "2005.10.25"]

1. e4 e5 2. Nf3 Nc6 3. Bb5 Nf6 4. O-O Nxe4 5. d4 Nd6 6. Bxc6 dxc6 7. dxe5 Nf5
8. Qxd8+ Kxd8 9. Nc3 Ne7 10. h3 Ng6 11. Bg5+ Ke8 12. Rad1 Be6 13. a3 h6 14. Bc1
Be7 15. Nd4 Rd8 16. Nxe6 fxe6 17. Rxd8+ Kxd8 18. f4 Bc5+ 19. Kh2 Ke7 20. Ne4
Bb6 21. Rd1 Rd8 22. Rxd8 Kxd8 23. g4 Kd7 24. Kg3 a6 25. Bd2 Bd4 26. c3 Ba7 27.
Kf3 Ke8 {(=)} 28. Be1 Nf8 29. h4 Nd7 30. h5 Nc5 31. Nxc5 Bxc5 32. Bf2 Be7 33.
a4 b5 34. b3 c5 35. c4 b4 36. Ke4 Kf7 37. f5 c6 38. Be3 Bf8 39. Bg1 Be7 40. Bf2
Kg8 41. fxe6 g5 42. hxg6 Kh8 43. Kf5 Kg8 44. Be3 Kg7 45. Bf4 Bf8 46. e7 Bxe7
47. e6 1-0

[Event "4NCL/Div1/3CS1 vs. HKF1"]
[Site "Birmingham ENG"]
[Date "2005.10.22"]
[Round "1.6"]
[White "Crouch, Colin"]
[Black "Bentley, John L"]
[Result "1/2-1/2"]
[WhiteElo "2365"]
[BlackElo "2244"]
[PlyCount "56"]
[EventDate "2005.10.22"]
[SourceDate "2005.10.25"]

1. d4 Nf6 2. c4 g6 3. Nc3 Bg7 4. e4 d6 5. Nf3 O-O 6. Be2 c5 7. d5 b5 8. cxb5 a6
9. b6 Nbd7 10. O-O Nxb6 11. Re1 e6 12. dxe6 Bxe6 13. a4 Qc7 14. Bf4 Ne8 15. a5
Nd7 16. Ng5 Rb8 17. Qd2 Ne5 18. Bxa6 c4 19. Be3 Qc6 20. Nxe6 fxe6 21. Bb6 Nc7
22. Bxc7 Qxc7 23. Nb5 Qc5 24. b4 Qc6 25. Qxd6 Qxd6 26. Nxd6 Nd3 27. Bxc4 Nxe1
28. Bxe6+ Kh8 1/2-1/2

[Event "4NCL/Div1/3CS1 vs. HKF1"]
[Site "Birmingham ENG"]
[Date "2005.10.22"]
[Round "1.7"]
[White "Walton, Alan J"]
[Black "Houska, Jovanka"]
[Result "1-0"]
[WhiteElo "2197"]
[BlackElo "2351"]
[PlyCount "83"]
[EventDate "2005.10.22"]
[SourceDate "2005.10.25"]

1. d4 d5 2. Bg5 Nf6 3. Bxf6 exf6 4. e3 Bd6 5. c4 dxc4 6. Bxc4 O-O 7. Nc3 c6 8.
Nf3 Bf5 9. O-O Nd7 10. Nh4 Be6 11. Bxe6 fxe6 12. Qb3 Qe8 13. Qxb7 Nb6 14. Ne4
Bb8 15. Rac1 g5 16. Nf3 g4 17. Nh4 f5 18. Ng5 Qh5 19. Nxe6 Rf7 20. Qxc6 Bxh2+
21. Kxh2 Qxh4+ 22. Kg1 Rf6 23. g3 Qh5 24. Nf4 Qf7 25. Qb5 Qxa2 26. b3 Qa3 27.
Rc5 Raf8 28. Kg2 a6 29. Qd3 Nd7 30. Qc4+ Kh8 31. Rc7 Qe7 32. d5 Qd8 33. Ne6
Rxe6 34. dxe6 Ne5 35. Qc3 Qd5+ 36. f3 gxf3+ 37. Kf2 Qxe6 38. Rh1 Kg8 39. Rhxh7
Ng4+ 40. Ke1 Rf6 41. Rcg7+ Kf8 42. Qc5+ 1-0

[Event "4NCL/Div1/3CS1 vs. HKF1"]
[Site "Birmingham ENG"]
[Date "2005.10.22"]
[Round "1.8"]
[White "Broomfield, Matthew"]
[Black "Martin, Katie"]
[Result "1-0"]
[WhiteElo "2288"]
[BlackElo "1956"]
[PlyCount "45"]
[EventDate "2005.10.22"]
[SourceDate "2005.10.25"]

1. d4 Nf6 2. c4 c5 3. d5 b5 4. Nd2 d6 5. e4 b4 6. Bd3 g6 7. b3 Bg7 8. Bb2 O-O
9. Ngf3 a5 10. O-O Bg4 11. Qc2 Nfd7 12. Bxg7 Kxg7 13. Qb2+ Kg8 14. e5 Bxf3 15.
Nxf3 Nxe5 16. Nxe5 dxe5 17. Qxe5 Qd6 18. Rae1 Ra7 19. f4 Rd7 20. f5 Na6 21.
fxg6 hxg6 22. Qg5 Kg7 23. Re6 1-0

[Event "4NCL/Div1/BET vs. WGR2"]
[Site "Birmingham ENG"]
[Date "2005.10.22"]
[Round "1.1"]
[White "Ledger, Andrew J"]
[Black "Ward, Christopher"]
[Result "1-0"]
[WhiteElo "2438"]
[BlackElo "2475"]
[PlyCount "95"]
[EventDate "2005.10.22"]
[SourceDate "2005.10.25"]

1. e4 c5 2. c3 d5 3. exd5 Qxd5 4. d4 Nc6 5. Nf3 Bg4 6. dxc5 Qxd1+ 7. Kxd1 e5 8.
b4 a5 9. Bb5 Nge7 10. a3 axb4 11. cxb4 O-O-O+ 12. Nbd2 Nd4 13. Be2 Nxe2 14.
Kxe2 Nf5 15. Bb2 Nd4+ 16. Bxd4 exd4 17. Kd3 Bf5+ 18. Ne4 Bxe4+ 19. Kxe4 d3 20.
Rad1 g6 21. Nd2 f5+ 22. Kf3 Rd4 23. Nb3 Rd5 24. Rhe1 Bh6 25. Nd2 Rd4 26. g3 Kd7
27. Nb3 Rd5 28. Na5 d2 29. Re2 Re8 30. Rxe8 Kxe8 31. Ke2 f4 32. Nc4 Rh5 33. Kf3
Rxh2 34. Rxd2 fxg3 35. Re2+ Kd7 36. Kxg3 Rh1 37. Ne5+ Kc7 38. Nf3 Bc1 39. Re7+
Kc6 40. a4 Ba3 41. Nd4+ Kd5 42. Rxb7 Rb1 43. Rd7+ Ke4 44. Nc6 Rg1+ 45. Kh2 Rg5
46. Rd4+ Kf3 47. Rd3+ Kxf2 48. Rxa3 1-0

[Event "4NCL/Div1/BET vs. WGR2"]
[Site "Birmingham ENG"]
[Date "2005.10.22"]
[Round "1.3"]
[White "Webb, Laurence E"]
[Black "Levitt, Jonathan P"]
[Result "0-1"]
[WhiteElo "2336"]
[BlackElo "2448"]
[PlyCount "96"]
[EventDate "2005.10.22"]
[SourceDate "2005.10.25"]

1. e4 e6 2. d4 d5 3. exd5 exd5 4. Nf3 Nf6 5. Bd3 Be7 6. O-O Bg4 7. Re1 O-O 8.
c3 Nbd7 9. Bg5 c5 10. Nbd2 c4 11. Bf1 b5 12. Qc2 Bh5 13. Ne5 Nxe5 14. dxe5 Bg6
15. exf6 gxf6 16. Qd1 fxg5 17. Nf3 Bf6 18. Nd4 Qb6 19. Qg4 h5 20. Qf3 Bxd4 21.
cxd4 Qxd4 22. Rad1 Qxb2 23. Qxd5 Rad8 24. Qxg5 Rxd1 25. Rxd1 Re8 26. a4 c3 27.
Rd6 Qb1 28. h4 Qf5 29. Qh6 b4 30. g3 c2 31. Bc4 Re1+ 32. Bf1 Qc8 33. Rxg6+ fxg6
34. Qxg6+ Kf8 35. Qh6+ Ke8 36. Qh8+ Kd7 37. Qd4+ Ke6 38. Kh2 Rxf1 39. Qe4+ Kf6
40. Qf4+ Qf5 41. Qd6+ Qe6 42. Qf4+ Kg7 43. Qc7+ Kf6 44. Qf4+ Kg7 45. Qg5+ Qg6
46. Qe7+ Qf7 47. Qe5+ Qf6 48. Qc7+ Kh6 0-1

[Event "4NCL/Div1/BET vs. WGR2"]
[Site "Birmingham ENG"]
[Date "2005.10.22"]
[Round "1.4"]
[White "Littlewood, Paul E"]
[Black "Duncan, Christopher R"]
[Result "1/2-1/2"]
[WhiteElo "2366"]
[BlackElo "2332"]
[PlyCount "46"]
[EventDate "2005.10.22"]
[SourceDate "2005.10.25"]

1. d4 d5 2. c4 dxc4 3. Nf3 Nf6 4. e3 e6 5. Bxc4 c5 6. O-O a6 7. Qe2 b5 8. Bb3
Bb7 9. Rd1 Nbd7 10. Nc3 Qc7 11. d5 exd5 12. Nxd5 Nxd5 13. Bxd5 Bxd5 14. Rxd5
Be7 15. e4 O-O 16. Bg5 Rae8 17. Rad1 Nb6 18. Rf5 Bxg5 19. Nxg5 f6 20. Nh3 Re5
21. Rxe5 Qxe5 22. f4 Qe6 23. b3 Re8 1/2-1/2

[Event "4NCL/Div1/BET vs. WGR2"]
[Site "Birmingham ENG"]
[Date "2005.10.22"]
[Round "1.5"]
[White "Eames, Robert G"]
[Black "Arakhamia-Grant, Ketevan"]
[Result "1/2-1/2"]
[WhiteElo "2320"]
[BlackElo "2426"]
[PlyCount "138"]
[EventDate "2005.10.22"]
[SourceDate "2005.10.25"]

1. e4 c5 2. Nf3 Nc6 3. d4 cxd4 4. Nxd4 Nf6 5. Nc3 e5 6. Ndb5 d6 7. Bg5 a6 8.
Na3 b5 9. Bxf6 gxf6 10. Nd5 f5 11. Bd3 Be6 12. O-O Bxd5 13. exd5 Ne7 14. Re1
Qd7 15. c4 b4 16. Nc2 Rb8 17. Qd2 a5 18. Qg5 Rg8 19. Qh5 Rg6 20. c5 Rh6 21. Qd1
e4 22. c6 Qa7 23. Bxe4 fxe4 24. Rxe4 Rb5 25. Ne3 Kd8 26. Rc1 Rc5 27. Rxc5 dxc5
28. Qf3 Nc8 29. Ng4 Rd6 30. Rf4 Qe7 31. g3 Qg5 32. Rxf7 Be7 33. Ne3 Rf6 34.
Rxf6 Bxf6 35. h4 Qg6 36. Nc4 Be7 37. Nxa5 Nd6 38. Qe2 Qb1+ 39. Kh2 Qe4 40. Qa6
Ke8 41. c7 Qf5 42. Qc6+ Kf7 43. Qxc5 Nc8 44. Qd4 Bd6 45. Nc6 Bxc7 46. Nxb4 Bb6
47. Qf4 Qxf4 48. gxf4 Bxf2 49. h5 Nb6 50. b3 Be3 51. Kg3 Bd2 52. Nd3 Nxd5 53.
Kg4 Kf6 54. a3 Ne3+ 55. Kf3 Nc2 56. Nc5 Kf5 57. a4 Nd4+ 58. Kf2 h6 59. Kg2 Kg4
60. Ne4 Bxf4 61. b4 Kxh5 62. b5 Kg4 63. Nf6+ Kf5 64. Nd5 Bd6 65. Kh3 Ke6 66.
Ne3 Bf4 67. Ng2 Bd2 68. Kg4 Kd5 69. Nh4 Ke4 1/2-1/2

[Event "4NCL/Div1/BET vs. WGR2"]
[Site "Birmingham ENG"]
[Date "2005.10.22"]
[Round "1.6"]
[White "Pert, Richard G"]
[Black "Ledger, David J"]
[Result "1-0"]
[WhiteElo "2429"]
[BlackElo "2278"]
[PlyCount "73"]
[EventDate "2005.10.22"]
[SourceDate "2005.10.25"]

1. d4 f5 2. Bg5 g6 3. Nd2 Bg7 4. e3 h6 5. Bh4 g5 6. Bg3 d6 7. Bc4 e6 8. h4 g4
9. c3 Qe7 10. Ne2 e5 11. Qb3 Nf6 12. dxe5 dxe5 13. e4 fxe4 14. h5 Nbd7 15. Qc2
Qc5 16. Bb3 Qc6 17. Nc4 a5 18. a4 Nc5 19. Nxe5 Qb6 20. Bf7+ Ke7 21. Nf4 Bf5 22.
Bc4 Rhd8 23. O-O Ne6 24. Neg6+ Ke8 25. Nh4 Nxf4 26. Nxf5 N4xh5 27. Nxg7+ Nxg7
28. Bh4 Ngh5 29. Qc1 Qc5 30. b3 Qf8 31. Qe3 Rd7 32. f3 gxf3 33. Rxf3 Re7 34.
Rf5 Rd8 35. Raf1 Rd6 36. Be2 Qg8 37. Bxh5+ 1-0

[Event "4NCL/Div1/BET vs. WGR2"]
[Site "Birmingham ENG"]
[Date "2005.10.22"]
[Round "1.7"]
[White "Ledger, Stephen C"]
[Black "Sowray, Peter J"]
[Result "0-1"]
[WhiteElo "2171"]
[BlackElo "2352"]
[PlyCount "88"]
[EventDate "2005.10.22"]
[SourceDate "2005.10.25"]

1. d4 Nf6 2. Nf3 g6 3. Bf4 d6 4. h3 Bg7 5. e3 O-O 6. Be2 Qe8 7. O-O Nh5 8. Bh2
f5 9. c4 Kh8 10. Nc3 e5 11. Rc1 Nc6 12. Nd5 Qd8 13. b4 f4 14. b5 Ne7 15. dxe5
dxe5 16. Nxe7 Qxe7 17. exf4 Nxf4 18. Bxf4 exf4 19. Re1 Be6 20. Bd3 Rad8 21. Qe2
Rfe8 22. Qc2 Qc5 23. Re4 Bc8 24. Rce1 Rxe4 25. Bxe4 Bf6 26. h4 Kg7 27. Qc1 Rf8
28. Rd1 Be7 29. Rd5 Qa3 30. Qc2 Bf6 31. Ng5 Qc3 32. Qxc3 Bxc3 33. Rc5 Ba5 34.
Re5 h6 35. Nf3 Kf6 36. Rd5 Re8 37. Bd3 Be6 38. Rd4 g5 39. hxg5+ hxg5 40. Be4
Bb6 41. Rd2 g4 42. Nd4 Bxc4 43. Bxb7 g3 44. fxg3 fxg3 0-1

[Event "4NCL/Div1/BET vs. WGR2"]
[Site "Birmingham ENG"]
[Date "2005.10.22"]
[Round "1.8"]
[White "Rechel, Bernd"]
[Black "Tidman, Sophie"]
[Result "1-0"]
[WhiteElo "2416"]
[BlackElo "2106"]
[PlyCount "45"]
[EventDate "2005.10.22"]
[SourceDate "2005.10.25"]

1. e4 e6 2. d4 d5 3. exd5 exd5 4. c4 Bb4+ 5. Nc3 Ne7 6. Nf3 Bg4 7. a3 Bxc3+ 8.
bxc3 O-O 9. Bd3 h6 10. O-O c5 11. dxc5 Qa5 12. h3 Bh5 13. cxd5 Qxc3 14. d6 Nec6
15. Qc2 Qxc2 16. Bxc2 Nd7 17. Be3 f5 18. Nd4 f4 19. Nxc6 fxe3 20. Ne7+ Kh8 21.
fxe3 Nxc5 22. g4 Bf7 23. Rf5 1-0

[Event "4NCL/Div1/HKF1 vs. GUI1"]
[Site "Birmingham ENG"]
[Date "2005.10.23"]
[Round "2.1"]
[White "Greet, Andrew N"]
[Black "Rowson, Jonathan"]
[Result "1-0"]
[WhiteElo "2428"]
[BlackElo "2599"]
[PlyCount "81"]
[EventDate "2005.10.23"]
[SourceDate "2005.10.25"]

1. d4 Nf6 2. Nf3 e6 3. c4 Bb4+ 4. Bd2 Qe7 5. g3 Nc6 6. Bg2 Bxd2+ 7. Nbxd2 d6 8.
O-O a5 9. e4 e5 10. d5 Nb8 11. Ne1 h5 12. h4 Bg4 13. f3 Bd7 14. Qb3 b6 15. Qe3
Na6 16. b3 Nc5 17. Rc1 c6 18. a3 cxd5 19. cxd5 Bb5 20. Rf2 O-O 21. Bf1 Qd7 22.
b4 axb4 23. axb4 Na4 24. Kh2 Bxf1 25. Nxf1 Nh7 26. Qd3 f5 27. exf5 Rxf5 28.
Rfc2 Rf7 29. Ne3 b5 30. Qg6 Nb6 31. Rc6 Ra2+ 32. N1g2 Rf6 33. Qxh5 e4 34. f4
Nc4 35. Nxc4 bxc4 36. R1xc4 Qa7 37. Qe8+ Rf8 38. Qxe4 Nf6 39. Qe6+ Kh8 40. Rc8
Qf2 41. Rxf8+ 1-0

[Event "4NCL/Div1/HKF1 vs. GUI1"]
[Site "Birmingham ENG"]
[Date "2005.10.23"]
[Round "2.2"]
[White "Hebden, Mark L"]
[Black "Berzinsh, Roland"]
[Result "1/2-1/2"]
[WhiteElo "2514"]
[BlackElo "2447"]
[PlyCount "89"]
[EventDate "2005.10.23"]
[SourceDate "2005.10.25"]

1. d4 Nf6 2. Nf3 e6 3. c3 Be7 4. Bg5 Ne4 5. Bxe7 Qxe7 6. Nbd2 Nxd2 7. Qxd2 f5
8. e3 b6 9. Bd3 Bb7 10. Qe2 O-O 11. O-O-O c5 12. e4 cxd4 13. Nxd4 fxe4 14. Bxe4
Bxe4 15. Qxe4 Na6 16. f4 Nc5 17. Qe3 Qf6 18. g3 a5 19. Rhe1 a4 20. Qe5 Qg6 21.
Re3 a3 22. b3 Rac8 23. h4 h5 24. c4 d5 25. Nxe6 Rf5 26. Qd6 dxc4 27. Nxc5 Qxd6
28. Rxd6 cxb3 29. Rxb3 Rfxc5+ 30. Kd1 Rc1+ 31. Ke2 R1c2+ 32. Rd2 R8c3 33. Rxb6
{(=)} Rxd2+ 34. Kxd2 Rxg3 35. Rb5 Rg2+ 36. Kc3 Rxa2 37. Rxh5 Rf2 38. Ra5 Rxf4
39. h5 Kh7 40. Kd3 Rh4 41. Ke3 Rh2 42. Kf4 a2 43. Ra8 Rf2+ 44. Kg5 Rg2+ 45. Kf5
1/2-1/2

[Event "4NCL/Div1/HKF1 vs. GUI1"]
[Site "Birmingham ENG"]
[Date "2005.10.23"]
[Round "2.3"]
[White "Williams, Simon K"]
[Black "King, Daniel J"]
[Result "0-1"]
[WhiteElo "2452"]
[BlackElo "2526"]
[PlyCount "78"]
[EventDate "2005.10.23"]
[SourceDate "2005.10.25"]

1. e4 e6 2. d4 d5 3. Nc3 Nf6 4. Bg5 Bb4 5. exd5 Qxd5 6. Bxf6 gxf6 7. Nge2 Nc6
8. a3 Bxc3+ 9. Nxc3 Qxd4 10. Qxd4 Nxd4 11. O-O-O c5 12. Ne4 b6 13. c3 Nb3+ 14.
Kc2 Na5 15. b4 Nb7 16. Nxf6+ Ke7 17. Ne4 cxb4 18. axb4 Bd7 19. Kb2 a5 20. Bd3
f5 21. Nd2 axb4 22. cxb4 Ra4 23. Kb3 Rha8 24. Nc4 Bc6 25. Nxb6 Ra3+ 26. Kc2 Rd8
27. Bc4 Nd6 28. Ra1 Nxc4 29. Nxc4 Ba4+ 30. Kb1 Rb3+ 31. Nb2 Bc6 32. Ra7+ Kf6
33. Kc2 Rxb4 34. f3 Rg8 35. Kc3 Rh4 36. Ra6 Bd5 37. Rd1 Rc8+ 38. Kd3 Rb8 39.
Kc2 Bb3+ 0-1

[Event "4NCL/Div1/HKF1 vs. GUI1"]
[Site "Birmingham ENG"]
[Date "2005.10.23"]
[Round "2.4"]
[White "Plaskett, James"]
[Black "Trent, Lawrence"]
[Result "1-0"]
[WhiteElo "2485"]
[BlackElo "2423"]
[PlyCount "89"]
[EventDate "2005.10.23"]
[SourceDate "2005.10.25"]

1. d4 Nf6 2. c4 g6 3. Nc3 Bg7 4. Nf3 O-O 5. Bg5 c5 6. d5 d6 7. e3 Bf5 8. Nd2
Qb6 9. Qc1 h6 10. Bh4 g5 11. Bg3 Nh5 12. Be2 Nxg3 13. hxg3 Nd7 14. O-O Ne5 15.
e4 Bd7 16. f4 Ng4 17. Bxg4 Bxg4 18. fxg5 Bd4+ 19. Kh2 hxg5 20. Nf3 f6 21. Nxg5
Kg7 22. Rf4 Rh8+ 23. Nh3 Bd7 24. Qc2 Be5 25. Rf3 Bg4 26. Rd3 Rh6 27. Nd1 Rah8
28. Ndf2 Bd7 29. Rad1 Bd4 30. Rxd4 cxd4 31. g4 Qc5 32. Qd2 Qxc4 33. Rc1 Qb5 34.
Rc7 Re8 35. a4 Qxa4 36. Rxb7 Rd8 37. g5 Rhh8 38. gxf6+ exf6 39. Qf4 Qa6 40.
Qg4+ Kf8 41. Rxd7 Rxd7 42. Qxd7 Qb6 43. Nd3 Qb8 44. Ndf4 Kg8 45. Qg4+ 1-0

[Event "4NCL/Div1/HKF1 vs. GUI1"]
[Site "Birmingham ENG"]
[Date "2005.10.23"]
[Round "2.5"]
[White "Arkell, Keith C"]
[Black "Cherniaev, Alexander"]
[Result "1/2-1/2"]
[WhiteElo "2475"]
[BlackElo "2472"]
[PlyCount "54"]
[EventDate "2005.10.23"]
[SourceDate "2005.10.25"]

1. d4 d6 2. g3 g6 3. Bg2 Bg7 4. Nf3 Nd7 5. O-O e5 6. e4 Ne7 7. c4 O-O 8. Nc3
exd4 9. Nxd4 Nc6 10. Nde2 a5 11. b3 Nc5 12. Be3 f5 13. Rc1 Qe7 14. exf5 Bxf5
15. Nf4 Nb4 16. Ncd5 Qd7 17. Nxb4 axb4 18. Qd2 Kh8 19. Bd4 Bxd4 20. Qxd4+ Qg7
21. Qd2 g5 22. Nd5 Nd3 23. Rcd1 h6 24. Qe2 Rae8 25. Ne3 Nc5 26. Qd2 Bd3 27.
Rfe1 Be4 1/2-1/2

[Event "4NCL/Div1/HKF1 vs. GUI1"]
[Site "Birmingham ENG"]
[Date "2005.10.23"]
[Round "2.6"]
[White "Howell, David W L"]
[Black "Crouch, Colin"]
[Result "0-1"]
[WhiteElo "2475"]
[BlackElo "2365"]
[PlyCount "96"]
[EventDate "2005.10.23"]
[SourceDate "2005.10.25"]

1. e4 c5 2. c3 d6 3. d4 Nf6 4. Bd3 Nc6 5. Nf3 cxd4 6. cxd4 e5 7. d5 Ne7 8. Bg5
Ng6 9. h4 Be7 10. h5 Nf8 11. Nh4 g6 12. Bb5+ N8d7 13. Nc3 Nxh5 14. Bxe7 Qxe7
15. Nf5 Qf6 16. Rxh5 gxh5 17. Qa4 a6 18. Qa3 O-O 19. Bxd7 Bxd7 20. Qxd6 Qxd6
21. Nxd6 b5 22. Kd2 Rab8 23. Rh1 Rb6 24. Nf5 Bxf5 25. exf5 Rd8 26. b4 Rc6 27.
Rxh5 Rc4 28. a3 Rdc8 29. Ne2 Rc2+ 30. Kd3 f6 31. f4 Ra2 32. fxe5 fxe5 33. f6
e4+ 34. Ke3 Rxa3+ 35. Kf4 Ra2 36. Nd4 Rf2+ 37. Ke5 e3 38. Rg5+ Kh8 39. Rg3 e2
40. Re3 Rc1 41. Nxe2 Re1 42. d6 Rexe2 43. Rxe2 Rxe2+ 44. Kd5 Rxg2 45. d7 Rd2+
46. Ke6 Kg8 47. Ke7 Re2+ 48. Kd6 Kf7 0-1